La buena forma de la ciudad

Bibliographic Details
Main Author: Lynch, Kevin
Format: Section = Libro
Language:Undetermined
Spanish
Published: Barcelona Gustavo Gili 1985
Subjects:
LEADER 00476nam a2200193Ia 4500
008 240829s9999 xx 000 0 und d
020 |a 84-252-1208-1 
040 |a BIBLIOTECA-RUSB/ 711.4 L987 
041 |a spa 
082 |a 711.4 L987 
100 1 |a Lynch, Kevin 
245 1 0 |a La buena forma de la ciudad 
260 |a Barcelona  |b Gustavo Gili  |c 1985 
300 |a 364 p. :il. 
650 7 |a URBANISMO 
650 7 |b  CIUDADES Y PUEBLOS 
942 |c BK  |2 ddc 
991 |a TEXTO 
999 |c 4799